000 00859nam a22002297a 4500
005 20090611161644.0
008 090611t xxu||||| |||| 00| 0 eng d
010 _aENG-93957
020 _c495.00
035 _aEN-77490
037 _bDBAD / PUB
040 _adpl
_bEnglish
082 _a336.54
100 _aDesai, Vasant
245 _aThe Indian financial system and development:
_cby Vasant Desai
250 _a3rd ed.
260 _aNew Delhi
_bHimalaya Publishing House
_c2009
270 _aPooja Apartments, 4-B, Murari Lal Street, Ansari Road, Daryaganj,
_bNew Delhi
_e110002
300 _a806p.
_c30cm(pbk)
942 _2ddc
_cEN
_mDES
_h336.54
999 _c27393
_d27393